Soziale Welt und soziologische Praxis : Soziologie als Beruf und Programm : Festschrift fuer Heinz Hartmann zum 65. Geburtstag
Αποθηκεύτηκε σε:
| Άλλοι συγγραφείς: | |
|---|---|
| Μορφή: | Βιβλίο |
| Γλώσσα: | German |
| Δημοσίευση: |
Goettingen :
Schwartz,
1995
|
| Θέματα: | |
| Ετικέτες: |
Προσθήκη ετικέτας
Δεν υπάρχουν, Καταχωρήστε ετικέτα πρώτοι!
|
MARC
| LEADER | 00000nam a2200000 i 4500 | ||
|---|---|---|---|
| 001 | 1/104924 | ||
| 008 | 000320s1995 ger d | ||
| 020 | |a 3-509-01668-8 | ||
| 035 | |l 10059040 | ||
| 040 | |a GR-MY-UA |b gre |e aacr | ||
| 041 | 0 | |a ger | |
| 082 | 0 | |a 300.943 | |
| 245 | 1 | 0 | |a Soziale Welt und soziologische Praxis : |b Soziologie als Beruf und Programm : Festschrift fuer Heinz Hartmann zum 65. Geburtstag / |c Hrsg. von Dieter Boegenhold ...[et al.] |
| 260 | |a Goettingen : |b Schwartz, |c 1995 | ||
| 300 | |a 424 p. | ||
| 500 | |a One contribution in English. | ||
| 504 | |a Includes bibliographical references. | ||
| 600 | 1 | 0 | |a Hartmann Heinz |d 1930- |
| 650 | 0 | 0 | |a Sociology |z Germany. |
| 650 | 0 | 0 | |a Sociologists |z Germany. |
| 700 | 1 | |a Boegenhold, Dieter |d 1955- |4 edt | |
| 852 | |a INST |b RHODES |e 20000320 |h 300.943 SOZ |p 005400011477 |q 005400011477 |t BK |y 0 | ||
| 901 | |a BIBL4-2000-1 | ||
| 909 | |a Ρ |b 044774 | ||
| 922 | |a 4ΕΛΗ |b 199512 |c 111/ΧΙΩΤΑΚΗΣ |d ΚΩΣΤΑΡΑΚΗΣ | ||
| 970 | |z 2000/03/20 | ||